Normal view
MARC view
Entry Personal Name
001 - CONTROL NUMBER
- control field: 42941
003 - CONTROL NUMBER IDENTIFIER
- control field: OSt
005 - DATE AND TIME OF LATEST TRANSACTION
- control field: 20230524205152.0
008 - FIXED-LENGTH DATA ELEMENTS
- fixed length control field: 230524|| aca||aabn | a|a d
040 ## - CATALOGING SOURCE
- Original cataloging agency: OSt
- Transcribing agency: OSt
100 ## - HEADING--PERSONAL NAME
- Personal name: R.N.Iyengar
670 ## - SOURCE DATA FOUND
- Source citation: Work cat.: (OSt)57902: R.N.Iyengar, Elements of Mechanical Vibration, 2013
